Catálogo

Literatura y sociedad : (Registro nro. 56744)

Detalles MARC
000 -LEADER
fixed length control field 00937nam a2200253 i 4500
001 - CONTROL NUMBER
control field 56744
005 - DATE AND TIME OF LATEST TRANSACTION
control field 20191004131943.0
008 - FIXED-LENGTH DATA ELEMENTS--GENERAL INFORMATION
fixed length control field 140415s2006 mx r 000 0 spa d
020 ## - INTERNATIONAL STANDARD BOOK NUMBER
International Standard Book Number 9688639974
040 ## - CATALOGING SOURCE
Original cataloging agency MX-PuUPA
Language of cataloging spa
Description conventions rda
Transcribing agency Mx-PuUPA
Modifying agency Mx-PuUPA
041 0# - LANGUAGE CODE
Language code of text/sound track or separate title spa
082 0# - DEWEY DECIMAL CLASSIFICATION NUMBER
Classification number 891.714
Item number BOR
100 1# - MAIN ENTRY--PERSONAL NAME
Personal name Borisovna, Liudmila,
Relator term autor
9 (RLIN) 3200
245 10 - TITLE STATEMENT
Title Literatura y sociedad :
Remainder of title poesía rusa de la segunda mitad del siglo XX /
Statement of responsibility, etc. Ludmila Borisovna Biriukova.
264 #1 - PRODUCTION, PUBLICATION, DISTRIBUTION, MANUFACTURE, AND COPYRIGHT NOTICE
Place of production, publication, distribution, manufacture Puebla, México :
Name of producer, publisher, distributor, manufacturer Benemérita Universidad Autónoma de Puebla,
-- Insituto de Ciencias Sociales y Humanidades "Alfonso Vélez Pliego",
Date of production, publication, distribution, manufacture, or copyright notice 2006
300 ## - PHYSICAL DESCRIPTION
Extent 38 páginas ;
Dimensions 24 cm.
336 ## - CONTENT TYPE
Content type term texto
Source rdacontent
337 ## - MEDIA TYPE
Media type term sin mediación
Source rdamedia
338 ## - CARRIER TYPE
Carrier type term volumen
Source rdacarrier
490 0# - SERIES STATEMENT
Series statement Cuadernos del ICSYH ;
Volume/sequential designation 37
650 #4 - SUBJECT ADDED ENTRY--TOPICAL TERM
Topical term or geographic name entry element Poesía rusa
Chronological subdivision Siglo XX
650 #4 - SUBJECT ADDED ENTRY--TOPICAL TERM
Topical term or geographic name entry element Literatura y sociedad
942 ## - ADDED ENTRY ELEMENTS (KOHA)
Classification part 891.714
Item part BOR
Koha item type Libro
Existencias
Withdrawn status Lost status Source of classification or shelving scheme Damaged status Not for loan Collection code Home library Current library Shelving location Date acquired Source of acquisition Total Checkouts Full call number Barcode Price effective from Koha item type
    Dewey Decimal Classification   Consulta en sala Referencia Biblioteca Karol Wojtyla Biblioteca Karol Wojtyla Referencia 18/01/2018 Compra   891.714 BOR 2006 98766 11/07/2018 Folleto